ARRUPE JESUIT UNIVERSITY

CORONAVIRUS -STOP THE SPREAD - CLEAN,DISINFECT,COVER

Cherishing life / (Record no. 120024)

MARC details
000 -LEADER
fixed length control field 00365nam a22001097a 4500
008 - FIXED-LENGTH DATA ELEMENTS--GENERAL INFORMATION
fixed length control field 140211b xxu||||| |||| 00| 0 eng d
245 ## - TITLE STATEMENT
Title Cherishing life /
Statement of responsibility, etc Catholic Bishops' Conference of England
260 ## - PUBLICATION, DISTRIBUTION, ETC. (IMPRINT)
Place of publication, distribution, etc London
Name of publisher, distributor, etc The Catholic Truth Society
Date of publication, distribution, etc 2004
300 ## - PHYSICAL DESCRIPTION
Extent 103p.
Dimensions 22cm.
650 ## - SUBJECT ADDED ENTRY--TOPICAL TERM
Topical term or geographic name as entry element Christian ethics - Catholic authors
9 (RLIN) 8582
942 ## - ADDED ENTRY ELEMENTS (KOHA)
Source of classification or shelving scheme Library of Congress Classification
Item type Monograph ( Printed materials)

No items available.

 

Arrupe Library. PO Box MP320 Mt Pleasant, Harare, Zimbabwe
263 242 745411|librarian@aju.ac.zw